A practical guide to know yourself (Record no. 3017)

MARC details
000 -LEADER
fixed length control field 00829 a2200217 4500
010 ## - LIBRARY OF CONGRESS CONTROL NUMBER
LC control number ENG-85440
020 ## - INTERNATIONAL STANDARD BOOK NUMBER
Terms of availability 100.00
International Standard Book Number 8185378096
035 ## - SYSTEM CONTROL NUMBER
System control number EN-68973
037 ## - SOURCE OF ACQUISITION
Source of stock number/acquisition D.B.Act / Pub
082 00 - DEWEY DECIMAL CLASSIFICATION NUMBER
Classification number 181.41
090 ## - LOCALLY ASSIGNED LC-TYPE CALL NUMBER (OCLC); LOCAL CALL NUMBER (OCLC)
-- 3078
-- 3078
245 1# - TITLE STATEMENT
Title A practical guide to know yourself
Statement of responsibility, etc compiled and edited by A. R. Natarajan
Remainder of title conversations with Sri Ramana Maharshi
250 ## - EDITION STATEMENT
Edition statement 9th ed
260 ## - PUBLICATION, DISTRIBUTION, ETC. (IMPRINT)
Place of publication, distribution, etc Bangalore
Name of publisher, distributor, etc Ramana Maharshi Centre for Learning
Date of publication, distribution, etc 2005
270 ## - ADDRESS
Address Post office Road, Sanjay Nagar
City Bangalore
Postal code 560094
State or province Karnataka
Telephone number 23512639
Electronic mail address globalvisionpub@eth.net
300 ## - PHYSICAL DESCRIPTION
Extent xvi,261 p.
Dimensions 22 cm. (Pbk)
500 ## - GENERAL NOTE
General note Includes bibliographical references and index
700 ## - ADDED ENTRY--PERSONAL NAME
Personal name Natarajan, A. R.
942 ## - ADDED ENTRY ELEMENTS (KOHA)
Institution code [OBSOLETE] dpl
Koha item type English Books
Call number prefix 181.41 / PRA
Holdings
Withdrawn status Lost status Source of classification or shelving scheme Damaged status Not for loan Collection code Home library Current library Source of acquisition Cost, normal purchase price Total Checkouts Full call number Barcode Date last seen Copy number Uniform Resource Identifier Cost, replacement price Price effective from Koha item type
    Dewey Decimal Classification   Not For Loan Non-fiction D.B.Act.Division D.B.Act.Division DBAD/PUB 100.00   181.41 EN-68973 15/09/2008 1 3211 100.00 15/09/2008 English Books

© Delhi Public Library
Hit Counter
free hit counter